Hauptstädte Extrem - Statistiken

Allgemein
  • Dieses Quiz wurde 96 mal gespielt
  • Das Durchschnittsergebnis liegt bei 5 aus 10
Antwortstatistiken
Land Hauptstadt % Korrekt
Burkina Faso Ouagadougou
76%
Honduras Tegucigalpa
68%
Brunei Bandar Seri Begawan
67%
Cambodia Phnom Penh
63%
Tuvalu Funafuti
57%
Ivory Coast Yamoussoukro
53%
St. Kitts and Nevis Basseterre
45%
Myanmar Naypyidaw
43%
Palau Ngerulmud
42%
Sri Lanka Sri Jayewardenepura Kotte
32%
Keine übereinstimmenden Quizze gefunden
Verteilung der Resultate
Anzahl Personen mit jedem Resultat
Perzentil nach korrekt beantworteten Fragen
Ihre Resultats-Entwicklung
Sie haben dieses Quiz noch nicht gespielt